000
00272nam a22001217a 4500
008
170822b xxu||||| |||| 00| 0 eng d
041
_a
eng
080
_2
4 ED
_a
51
100
_a
37
101
_a
MAT
245
_a
BEGINNING AND INTERMEDIATE
_c
LIAL,H
942
_2
udc
_c
BK
999
_c
24425
_d
24425